[Event "33rd Rilton Cup"]
[Site "Stockholm SWE"]
[Date "2004.01.02"]
[Round "6.27"]
[White "Agafonovs, Jurijs"]
[Black "Hammar, Ulf"]
[Result "1-0"]
[WhiteElo "2213"]
[BlackElo "2100"]
[EventDate "2003.12.27"]
[PlyCount "95"]

1.d4 c5 2.d5 e5 3.e4 d6 4.Nc3 g6 5.f4 Bg7 6.Nf3 Bg4 7.Be2 Nd7 8.O-O Bxf3 
9.Rxf3 Ne7 10.f5 O-O 11.g4 gxf5 12.gxf5 h6 13.Rh3 Kh7 14.Kh1 Ng8 15.Qg1 a6
16.a4 Qe7 17.Bd2 Rfb8 18.Qg2 Ndf6 19.Rg1 Qf8 20.Nd1 b5 21.a5 b4 22.Ne3 Rb7
23.Rg3 Bh8 24.Nc4 Rd8 25.b3 Rbd7 26.Bf3 Ra7 27.Qh3 Raa8 28.Ne3 Rab8 29.Qh4
Qe7 30.Rh3 Bg7 31.Qg3 Ne8 32.Ng4 Qf8 33.Rh4 Nef6 34.Ne3 Rb5 35.Nc4 Rbb8 
36.Qh3 Ra8 37.Ne3 Rab8 38.Ng4 Rb5 39.Nxf6+ Bxf6 40.Rxg8 Kxg8 41.Bxh6 Bxh4 
42.Qg4+ Kh7 43.Bxf8 Bf6 44.Qh5+ Kg8 45.Qh6 Rxf8 46.Qxf6 Rc8 47.Qg5+ Kf8 
48.f6 1-0

[Event "33rd Rilton Cup"]
[Site "Stockholm SWE"]
[Date "2004.01.02"]
[Round "6.28"]
[White "Krantz, Christopher"]
[Black "Bromann, Thorbjorn"]
[Result "0-1"]
[WhiteElo "1919"]
[BlackElo "2360"]
[EventDate "2003.12.27"]
[PlyCount "116"]

1.c4 c6 2.g3 d5 3.Bg2 Nf6 4.Nf3 dxc4 5.Qc2 Qd5 6.Nh4 Qh5 7.Qxc4 e5 8.h3 
Be6 9.Qc2 Nfd7 10.Nc3 f5 11.d3 Na6 12.a3 Nac5 13.b4 Nb3 14.Rb1 Nxc1 15.
Qxc1 Be7 16.Nf3 Rc8 17.Qe3 f4 18.gxf4 Qg6 19.Kf1 exf4 20.Qxf4 Bf7 21.Ne4 
O-O 22.Ne5 Nxe5 23.Qxe5 Bh4 24.Bf3 Bd5 25.Rg1 Qh6 26.Qd6 Qxd6 27.Nxd6 Bxf3
28.Nxc8 Bh5 29.Ne7+ Bxe7 30.f3 Bf6 31.Rc1 Bf7 32.a4 a6 33.e3 Re8 34.Kf2 
Be6 35.Rh1 Bb3 36.h4 Bxa4 37.h5 Bb5 38.d4 Bg5 39.Rc3 Be7 40.Rb1 Rd8 41.
Rcc1 Rd5 42.Rh1 Bd3 43.Rb3 Bc4 44.Rc3 b5 45.Ra3 Rf5 46.e4 Bxb4 47.Rxa6 Rf6
48.Ra8+ Rf8 49.Rha1 Bc3 50.Rxf8+ Kxf8 51.Ra8+ Ke7 52.Ke3 b4 53.Ra7+ Kf6 
54.e5+ Ke6 55.Rxg7 b3 56.Rxh7 b2 57.Rb7 Bb5 58.d5+ Kxe5 0-1

[Event "33rd Rilton Cup"]
[Site "Stockholm SWE"]
[Date "2004.01.02"]
[Round "6.29"]
[White "Lukin, Andrei"]
[Black "Lindh, Fredrik"]
[Result "1-0"]
[WhiteElo "2431"]
[BlackElo "2196"]
[EventDate "2003.12.27"]
[PlyCount "119"]

1.e4 c5 2.Nf3 Nc6 3.d4 cxd4 4.Nxd4 Nf6 5.Nc3 e5 6.Ndb5 d6 7.Bg5 a6 8.Na3 
b5 9.Nd5 Be7 10.Bxf6 Bxf6 11.c3 Ne7 12.Nxf6+ gxf6 13.Qd2 Bb7 14.O-O-O Bxe4
15.Qxd6 Qxd6 16.Rxd6 f5 17.f3 Bc6 18.Be2 Rg8 19.g3 Rd8 20.Rh6 Ng6 21.Rxh7 
f4 22.Nc2 Ke7 23.Nb4 Bb7 24.Rd1 Rxd1+ 25.Bxd1 Nf8 26.Rh5 fxg3 27.hxg3 Rxg3
28.Rxe5+ Ne6 29.Re3 Kd6 30.Rd3+ Kc7 31.Nc2 Nf4 32.Re3 Nd5 33.Re5 Kd6 34.
Re1 Nf4 35.Re3 Nd5 36.Rd3 Kc5 37.Nd4 Nf4 38.Re3 Nd5 39.Re8 Rg1 40.Kd2 Rg2+
41.Re2 Rxe2+ 42.Nxe2 b4 43.cxb4+ Nxb4 44.Nc1 Bd5 45.a3 Nc6 46.Kc3 a5 47.
Nd3+ Kd6 48.b4 axb4+ 49.Nxb4 Nxb4 50.Kxb4 Ke5 51.Kc5 Ba8 52.a4 f5 53.a5 
Kf4 54.a6 Ke3 55.a7 f4 56.Bb3 Bxf3 57.Bd5 Bxd5 58.Kxd5 f3 59.a8=Q f2 60.
Qa6 1-0

[Event "33rd Rilton Cup"]
[Site "Stockholm SWE"]
[Date "2004.01.02"]
[Round "6.30"]
[White "Bellon Lopez, Juan Manuel"]
[Black "Lappalainen, Tommy"]
[Result "1/2-1/2"]
[WhiteElo "2423"]
[BlackElo "2194"]
[EventDate "2003.12.27"]
[PlyCount "120"]

1.d4 Nf6 2.Bg5 Ne4 3.Bh4 d5 4.f3 Nd6 5.Nc3 c6 6.e4 Qb6 7.a3 e6 8.e5 Nf5 9.
Bf2 c5 10.Na4 Qa5+ 11.c3 c4 12.g4 Bd7 13.Nc5 Bxc5 14.gxf5 Be7 15.fxe6 Bxe6
16.b4 cxb3 17.Qxb3 Nd7 18.Bd3 O-O 19.Ne2 Nb6 20.O-O Rac8 21.Be1 Qa4 22.Qb1
h6 23.Bb5 Bf5 24.Bxa4 Bxb1 25.Rxb1 Nxa4 26.Rxb7 Bxa3 27.Bd2 Rc4 28.Rxa7 
Bb2 29.Rd7 Nxc3 30.Bxc3 Bxc3 31.Nxc3 Rxc3 32.Rxd5 Rb8 33.f4 Rd3 34.f5 Rb4 
35.Rd8+ Kh7 36.Rd7 Rdxd4 37.Rxf7 Rg4+ 38.Kh1 Kg8 39.e6 Rb2 40.f6 gxf6 41.
R7xf6 Re4 42.Rg1+ Kh7 43.Rf7+ Kh8 44.e7 Rbe2 45.Rgg7 Re1+ 46.Kg2 R1e2+ 47.
Kf1 Re1+ 48.Kf2 R1e2+ 49.Kf3 R2e3+ 50.Kg2 Re2+ 51.Kg3 R2e3+ 52.Kf2 Re2+ 
53.Kf3 R2e3+ 54.Kg2 Re2+ 55.Kh3 R2e3+ 56.Kg2 Re2+ 57.Kf3 R2e3+ 58.Kf2 Re2+
59.Kf1 Re1+ 60.Kf2 R1e2+ 1/2-1/2

[Event "33rd Rilton Cup"]
[Site "Stockholm SWE"]
[Date "2004.01.02"]
[Round "6.34"]
[White "Carstensen, Jacob"]
[Black "Palmblad, Jan-Peter"]
[Result "1-0"]
[WhiteElo "2280"]
[BlackElo "2187"]
[EventDate "2003.12.27"]
[PlyCount "135"]

1.c4 e6 2.g3 d5 3.Bg2 Nf6 4.Nf3 c5 5.O-O Nc6 6.cxd5 exd5 7.d4 Be7 8.dxc5 
Bxc5 9.Nbd2 O-O 10.Nb3 Be7 11.h3 Bf5 12.Be3 Qd7 13.Kh2 Rfe8 14.Nc5 Bxc5 
15.Bxc5 Ne4 16.Rc1 Nxc5 17.Rxc5 Be4 18.e3 Rad8 19.Nd4 Bxg2 20.Kxg2 Qe7 21.
Rc3 Qe4+ 22.f3 Qe5 23.Nxc6 bxc6 24.Qd4 Qxd4 25.exd4 Rd6 26.Kf2 Rde6 27.Rc2
Kf8 28.Rfc1 Rb8 29.b3 Rb6 30.Rc5 Ke7 31.Ra5 a6 32.Rc3 Kd7 33.Re3 Rxe3 34.
Kxe3 Kd6 35.Kd3 Kd7 36.Kc3 Kd6 37.Ra4 Kc7 38.b4 Kd6 39.Ra3 Kd7 40.Kb3 Kd6 
41.Ka4 Rb8 42.Re3 Kd7 43.a3 Rb5 44.f4 h6 45.f5 f6 46.g4 Kd8 47.Re1 Kd7 48.
Re6 Rb8 49.Ka5 h5 50.g5 Rf8 51.g6 Rb8 52.Re3 Ra8 53.Kb6 h4 54.Kb7 Rh8 55.
Kxa6 Rh5 56.Kb7 Rxf5 57.a4 Rf4 58.Rd3 Rf1 59.Rb3 Ra1 60.a5 f5 61.a6 f4 62.
a7 Ke6 63.a8=Q Rxa8 64.Kxa8 Kf5 65.Kb7 Ke4 66.Kxc6 f3 67.b5 f2 68.Rb1 1-0

[Event "33rd Rilton Cup"]
[Site "Stockholm SWE"]
[Date "2004.01.02"]
[Round "6.35"]
[White "Malmstig, Erik"]
[Black "Miskulin, Dennis"]
[Result "1/2-1/2"]
[WhiteElo "2277"]
[BlackElo "2156"]
[EventDate "2003.12.27"]
[PlyCount "64"]

1.e4 c5 2.Nf3 Nc6 3.d4 cxd4 4.Nxd4 Nf6 5.Nc3 e5 6.Ndb5 d6 7.a4 a6 8.Na3 
Be7 9.Be2 Be6 10.O-O O-O 11.Bc4 Nxe4 12.Nxe4 Bxc4 13.Nxc4 d5 14.Nxe5 dxe4 
15.Nd7 Re8 16.Be3 Qc7 17.Bb6 Qd6 18.Re1 Ne5 19.Qxd6 Bxd6 20.Rad1 Nxd7 21.
Rxd6 Nxb6 22.Rxb6 Re7 23.f3 e3 24.Rb3 Rae8 25.f4 Re4 26.Rxb7 f5 27.g3 Rxa4
28.Kg2 Rc4 29.Re2 Rxc2 30.Rxc2 e2 31.Rxe2 Rxe2+ 32.Kh3 h6 1/2-1/2

[Event "33rd Rilton Cup"]
[Site "Stockholm SWE"]
[Date "2004.01.02"]
[Round "6.38"]
[White "Carlsson, Nils"]
[Black "Andersson, Fredrik"]
[Result "1/2-1/2"]
[WhiteElo "2233"]
[BlackElo "2164"]
[EventDate "2003.12.27"]
[PlyCount "58"]

1.e4 e5 2.Nf3 Nc6 3.Bb5 a6 4.Ba4 Nf6 5.O-O Be7 6.Re1 b5 7.Bb3 d6 8.c3 O-O 
9.d3 Na5 10.Bc2 c5 11.Nbd2 Nc6 12.Nf1 Re8 13.Ng3 Bf8 14.a4 Rb8 15.axb5 
axb5 16.h3 g6 17.Be3 Bg7 18.Qd2 b4 19.Ba4 Bd7 20.Bg5 Qb6 21.Ra2 Ra8 22.
Rea1 Be6 23.c4 Ra7 24.Bxc6 Rxa2 25.Rxa2 Qxc6 26.Qd1 Ra8 27.Qa1 Rxa2 28.
Qxa2 h6 29.Bd2 Nd7 1/2-1/2

[Event "33rd Rilton Cup"]
[Site "Stockholm SWE"]
[Date "2004.01.02"]
[Round "6.39"]
[White "Marttala, Thomas"]
[Black "Forsberg, Viktor"]
[Result "0-1"]
[WhiteElo "2227"]
[BlackElo "2153"]
[EventDate "2003.12.27"]
[PlyCount "56"]

1.Nf3 c5 2.e4 d6 3.d4 cxd4 4.Nxd4 Nf6 5.Nc3 Nc6 6.Bc4 e6 7.Bb3 a6 8.Be3 
Qc7 9.Qe2 Na5 10.O-O b5 11.f4 Bb7 12.Bxe6 fxe6 13.Nxe6 Qc4 14.Qxc4 Nxc4 
15.Bd4 Kd7 16.Ng5 Be7 17.e5 Ng4 18.e6+ Kc7 19.Nf7 Rhg8 20.Rfe1 Bf6 21.Bxf6
gxf6 22.b3 Nce3 23.h3 Nxg2 24.hxg4 Nxe1 25.Rxe1 Rxg4+ 26.Kf2 Re8 27.Re3 
Rxf4+ 28.Ke1 b4 0-1

[Event "33rd Rilton Cup"]
[Site "Stockholm SWE"]
[Date "2004.01.02"]
[Round "6.41"]
[White "Estegaard, Thomas"]
[Black "Kopasov, Evgeny"]
[Result "1/2-1/2"]
[WhiteElo "2105"]
[BlackElo "2154"]
[EventDate "2003.12.27"]
[PlyCount "87"]

1.d4 d5 2.c4 c6 3.e3 Nf6 4.Nc3 g6 5.Nf3 Bg7 6.Be2 O-O 7.O-O Nbd7 8.Qc2 Qc7
9.cxd5 cxd5 10.Qb3 e6 11.Nb5 Qb8 12.Bd2 a6 13.Nc3 b5 14.Rfc1 Nb6 15.Nd1 
Ne4 16.Be1 Bd7 17.Qd3 Rc8 18.Nd2 Nxd2 19.Bxd2 Ra7 20.Rxc8+ Qxc8 21.Rc1 Rc7
22.Rxc7 Qxc7 23.Ba5 Qc6 24.b3 Nc8 25.f3 Nd6 26.Qc3 Qxc3 27.Bxc3 f6 28.Kf2 
e5 29.dxe5 fxe5 30.Bd3 Bf5 31.Bxf5 Nxf5 32.Ke2 Kf7 33.g4 Ne7 34.Bd2 Ke6 
35.Nf2 Nc6 36.Nd3 Kd6 37.Nb4 Nxb4 38.Bxb4+ Ke6 39.Kd3 Bf6 40.Bc5 Bd8 41.h3
Ba5 42.Ba7 Bc7 43.Bc5 Ba5 44.Ba7 1/2-1/2

[Event "33rd Rilton Cup"]
[Site "Stockholm SWE"]
[Date "2004.01.02"]
[Round "6.42"]
[White "Kosmo, Santul"]
[Black "Lardot, Derik"]
[Result "1-0"]
[WhiteElo "2218"]
[BlackElo "2014"]
[EventDate "2003.12.27"]
[PlyCount "69"]

1.d4 Nf6 2.Nf3 g6 3.c4 d6 4.Nc3 Bg7 5.e4 O-O 6.Be2 c5 7.d5 e6 8.O-O exd5 
9.cxd5 a6 10.a4 Bd7 11.Bf4 Be8 12.Nd2 a5 13.Nc4 Ra6 14.Qc2 Qe7 15.Nb5 Qxe4
16.Qxe4 Nxe4 17.Nbxd6 g5 18.Nxe4 gxf4 19.Nxc5 Ra7 20.Rad1 b5 21.axb5 Bxb5 
22.b3 Rd8 23.Na4 Nd7 24.Bf3 Ne5 25.Nxe5 Bxe5 26.Rfe1 Bxa4 27.bxa4 Bd6 28.
Rb1 Rc7 29.Rec1 Rdc8 30.Rc6 Bb4 31.Rd1 Kf8 32.Kf1 Bc3 33.Rc1 Be5 34.R1c5 
Bc3 35.Rxc7 1-0

[Event "33rd Rilton Cup"]
[Site "Stockholm SWE"]
[Date "2004.01.02"]
[Round "6.44"]
[White "Leino, Jukka"]
[Black "Breen, Veronica"]
[Result "1-0"]
[WhiteElo "2215"]
[BlackElo "1998"]
[EventDate "2003.12.27"]
[PlyCount "143"]

1.e4 e5 2.Nf3 Nc6 3.Bb5 a6 4.Ba4 Nf6 5.O-O Be7 6.Re1 b5 7.Bb3 d6 8.c3 O-O 
9.h3 Nb8 10.d4 Nbd7 11.Nbd2 Bb7 12.Bc2 Re8 13.Nf1 Bf8 14.Ng3 g6 15.b3 c5 
16.d5 Rc8 17.c4 b4 18.Nh2 a5 19.Be3 a4 20.bxa4 Nb6 21.Bb3 Ra8 22.a3 bxa3 
23.Rxa3 Ba6 24.Qc2 Qc7 25.Rea1 Reb8 26.Nf3 Ra7 27.Ne2 Bg7 28.Nd2 Qe7 29.
Nc3 Nh5 30.Nb5 Rab7 31.Nf3 Rf8 32.Re1 Rbb8 33.a5 Nc8 34.Ba4 h6 35.Qd2 Kh7 
36.g4 Nf6 37.Qd3 Qd8 38.Bd1 Ne7 39.Nh2 g5 40.Nf1 Qd7 41.Be2 Ng6 42.Ng3 Rg8
43.Nf5 Bf8 44.Kh2 Nf4 45.Bxf4 gxf4 46.Rg1 Qd8 47.Qf3 Ra8 48.h4 Bc8 49.a6 
Bxf5 50.exf5 Bg7 51.g5 e4 52.Qxf4 Nxd5 53.Qxe4 Be5+ 54.Kh1 Nf4 55.f6+ Kh8 
56.Bd3 Nxd3 57.Qxd3 Qc8 58.a7 Qc6+ 59.Qf3 Qd7 60.Re3 Qc8 61.Qh5 Rg6 62.Qg4
Qxg4 63.Rxg4 Bxf6 64.Rge4 Bd8 65.Re8+ Kg7 66.R3e7 Re6 67.gxh6+ Rxh6 68.Rd7
Rxh4+ 69.Kg2 Rxa7 70.Rxa7 Bf6 71.Nxd6 Rg4+ 72.Kf3 1-0

[Event "33rd Rilton Cup"]
[Site "Stockholm SWE"]
[Date "2004.01.02"]
[Round "6.45"]
[White "Netzer, Jean"]
[Black "Larsson, Victor"]
[Result "1-0"]
[WhiteElo "2268"]
[BlackElo "2116"]
[EventDate "2003.12.27"]
[PlyCount "97"]

1.e4 c5 2.Nf3 Nc6 3.Nc3 g6 4.d4 cxd4 5.Nxd4 Bg7 6.Nb3 Nf6 7.Be2 O-O 8.O-O 
a6 9.Re1 b5 10.Bf1 d6 11.Nd5 Re8 12.c3 Rb8 13.a4 b4 14.c4 Nd7 15.Nf4 a5 
16.Qc2 Nc5 17.Be3 Nxb3 18.Qxb3 Bd4 19.Rad1 Qb6 20.Nd5 Qa7 21.Rxd4 Nxd4 22.
Qd3 e5 23.Nf6+ Kf8 24.Nxe8 Kxe8 25.b3 Bd7 26.Rd1 Bc6 27.Bxd4 exd4 28.Qxd4 
Qxd4 29.Rxd4 Ke7 30.f3 Ke6 31.Kf2 g5 32.g3 f6 33.Bh3+ Ke7 34.Ke3 Rh8 35.
Bf5 h6 36.Rd1 Rg8 37.Rh1 Rg7 38.g4 Kd8 39.h4 Kc7 40.hxg5 hxg5 41.Rh8 Rf7 
42.Kd4 Kb6 43.Be6 Re7 44.Bd5 Re8 45.Rh6 Rf8 46.Rh7 Be8 47.Rb7+ Ka6 48.Rb8 
Ka7 49.Rd8 1-0

[Event "33rd Rilton Cup"]
[Site "Stockholm SWE"]
[Date "2004.01.02"]
[Round "6.48"]
[White "Friberg, Hans"]
[Black "Isaksson, Per"]
[Result "1-0"]
[WhiteElo "2243"]
[BlackElo "2085"]
[EventDate "2003.12.27"]
[PlyCount "51"]

1.Nf3 d5 2.g3 Nf6 3.c4 c6 4.Qc2 Bg4 5.Bg2 e6 6.b3 Bd6 7.Bb2 Nbd7 8.d4 Bf5 
9.Qc1 h6 10.O-O O-O 11.Nbd2 Qe7 12.Ne5 Rac8 13.Nxd7 Qxd7 14.c5 Bb8 15.f3 
Qe7 16.e4 Bh7 17.e5 Nd7 18.Qc3 f6 19.f4 Bc7 20.Bh3 b6 21.b4 a5 22.cxb6 
axb4 23.Qxc6 Bxb6 24.Qxe6+ Qxe6 25.Bxe6+ Kh8 26.Rfc1 1-0

[Event "33rd Rilton Cup"]
[Site "Stockholm SWE"]
[Date "2004.01.02"]
[Round "6.49"]
[White "Christensen, Esben"]
[Black "Eriksson, Jorgen"]
[Result "1/2-1/2"]
[WhiteElo "2083"]
[BlackElo "2217"]
[EventDate "2003.12.27"]
[PlyCount "144"]

1.e4 d6 2.Nf3 Nf6 3.Nc3 c6 4.h3 e5 5.d4 Nbd7 6.Bd3 Be7 7.Ne2 d5 8.Nxe5 
dxe4 9.Nxd7 Bxd7 10.Bc4 O-O 11.Bf4 Nd5 12.Bh2 e3 13.Bg3 exf2+ 14.Bxf2 Bg5 
15.Bxd5 cxd5 16.O-O Re8 17.Re1 Qb6 18.Rb1 Bf5 19.Nc3 Qg6 20.Qf3 Bxc2 21.
Ra1 Be4 22.Nxe4 dxe4 23.Qb3 Qb6 24.Qxb6 axb6 25.Be3 Bxe3+ 26.Rxe3 f5 27.a3
Rad8 28.Rd1 Rd6 29.Kf2 Kf7 30.Rb3 Rc8 31.Rd2 Rc1 32.Ke3 Re1+ 33.Kf2 Rc1 
34.Ke3 Kf6 35.g4 g6 36.gxf5 gxf5 37.Rf2 Re1+ 38.Kd2 Rg1 39.Rb5 Rxd4+ 40.
Ke3 Rd3+ 41.Ke2 Rg5 42.Rxb6+ Ke5 43.Rxb7 Rd5 44.Rb8 Rc5 45.Re8+ Kd4 46.
Rd8+ Rd5 47.Rc8 Rg3 48.Rf8 Rxh3 49.R8xf5 Rxf5 50.Rxf5 Rb3 51.Rh5 Rxb2+ 52.
Kd1 Kd3 53.Rd5+ Ke3 54.Rh5 Rb1+ 55.Kc2 Rb7 56.Kd1 Rb1+ 57.Kc2 Rf1 58.Rxh7 
Ke2 59.Re7 e3 60.a4 Rf5 61.Kc3 Rf4 62.a5 Ra4 63.Re5 Kf3 64.Kb3 Ra1 65.Kb4 
e2 66.Kb5 e1=Q 67.Rxe1 Rxe1 68.a6 Ke4 69.a7 Ra1 70.Kb6 Kd5 71.Kb7 Rb1+ 72.
Kc7 Ra1 1/2-1/2

[Event "33rd Rilton Cup"]
[Site "Stockholm SWE"]
[Date "2004.01.02"]
[Round "6.51"]
[White "Jensen, Leif Haugaard"]
[Black "Malysheva, Polina"]
[Result "0-1"]
[WhiteElo "2055"]
[BlackElo "2157"]
[EventDate "2003.12.27"]
[PlyCount "68"]

1.e4 e5 2.Nc3 Nf6 3.f4 d5 4.fxe5 Nxe4 5.Nf3 Be7 6.d4 Bb4 7.Qd3 O-O 8.Bd2 
Bf5 9.Qe3 Nxd2 10.Qxd2 c5 11.a3 cxd4 12.axb4 dxc3 13.bxc3 Nc6 14.O-O-O a5 
15.b5 Qe7 16.Kb2 Na7 17.Qf4 Be4 18.Ng5 Qc5 19.Nxe4 dxe4 20.c4 Rac8 21.Rd5 
Qb4+ 22.Kc1 Rfd8 23.Qxe4 Rxd5 24.Qxd5 Qe1+ 25.Kb2 a4 26.Qxb7 a3+ 27.Kxa3 
Qc3+ 28.Ka4 Qxc2+ 29.Ka5 Qc3+ 30.Ka6 Qa3+ 31.Kb6 Qc5+ 32.Ka6 Re8 33.Qxa7 
Qa3+ 34.Kb6 Re6+ 0-1

[Event "33rd Rilton Cup"]
[Site "Stockholm SWE"]
[Date "2004.01.02"]
[Round "6.52"]
[White "Norberg, Erik"]
[Black "Dalmau, Juan"]
[Result "1-0"]
[WhiteElo "2166"]
[BlackElo "2041"]
[EventDate "2003.12.27"]
[PlyCount "57"]

1.e4 e5 2.Nf3 Nc6 3.Bc4 Nf6 4.d3 Bc5 5.O-O d6 6.h3 h6 7.c3 a6 8.d4 exd4 9.
cxd4 Bb6 10.Nc3 O-O 11.Re1 Ne7 12.Qb3 Nc6 13.Qd1 Ne7 14.e5 dxe5 15.dxe5 
Qxd1 16.Rxd1 Nh7 17.b3 Re8 18.Bb2 c6 19.Ne4 Nd5 20.Bxd5 cxd5 21.Rxd5 Be6 
22.Rd2 Red8 23.Nd6 Ba5 24.Rd4 b5 25.Rad1 Bb6 26.R4d3 Ng5 27.Nd4 Bxd4 28.
Rxd4 Nh7 29.Nxb5 1-0

[Event "33rd Rilton Cup"]
[Site "Stockholm SWE"]
[Date "2004.01.02"]
[Round "6.53"]
[White "Loenngren, Tobias"]
[Black "Larsen, Tor Kristian"]
[Result "0-1"]
[WhiteElo "2155"]
[BlackElo "1990"]
[EventDate "2003.12.27"]
[PlyCount "118"]

1.d4 Nf6 2.Nf3 g6 3.c4 c5 4.Nc3 cxd4 5.Nxd4 Bg7 6.e4 Nc6 7.Be3 O-O 8.Be2 
d6 9.O-O Bd7 10.f3 a5 11.Qd2 Nxd4 12.Bxd4 Bc6 13.b3 Nd7 14.Be3 Nc5 15.Rab1
Qb6 16.Rfc1 Rfc8 17.Bf1 Qd8 18.Nb5 Qf8 19.Nd4 Be8 20.Rc2 h5 21.a3 Kh7 22.
b4 axb4 23.axb4 Nd7 24.Nb5 Bh6 25.Rcc1 Bxe3+ 26.Qxe3 Qg7 27.Qd4 Qxd4+ 28.
Nxd4 Ra2 29.Ra1 Rb2 30.Rcb1 Rxb1 31.Rxb1 Kg7 32.Ra1 Kf6 33.Kf2 Ne5 34.Ra7 
Rc7 35.Nc2 Nxc4 36.Bxc4 Rxc4 37.Ne3 Rd4 38.Nd5+ Kg7 39.Ke3 Rc4 40.Rxb7 e6 
41.Nc7 Bc6 42.Kd3 Rc1 43.Ra7 Bd7 44.b5 Rb1 45.Kc4 h4 46.e5 dxe5 47.Kc5 Kf6
48.b6 Rc1+ 49.Kd6 Rd1+ 50.Nd5+ Rxd5+ 51.Kc7 Ke7 52.b7 Rc5+ 53.Kb6 Rb5+ 54.
Ka6 Kd6 55.Ra8 Kc7 56.Rf8 Rxb7 57.Rxf7 Rb2 58.Ka5 Rxg2 59.Rh7 Rxh2 0-1

[Event "33rd Rilton Cup"]
[Site "Stockholm SWE"]
[Date "2004.01.02"]
[Round "6.54"]
[White "Gustafsson, Stefan"]
[Black "Martinsen, Stig"]
[Result "1/2-1/2"]
[WhiteElo "1980"]
[BlackElo "2117"]
[EventDate "2003.12.27"]
[PlyCount "25"]

1.e4 d6 2.g3 g6 3.Bg2 Bg7 4.d3 c5 5.Nc3 Nc6 6.Be3 e5 7.Qd2 Be6 8.Nge2 Qd7 
9.h4 h5 10.Nd5 f6 11.c4 Nd4 12.f3 Ne7 13.Nec3 1/2-1/2

[Event "33rd Rilton Cup"]
[Site "Stockholm SWE"]
[Date "2004.01.02"]
[Round "6.56"]
[White "Asberg, Anders"]
[Black "Namini, Armin"]
[Result "0-1"]
[WhiteElo "1886"]
[BlackElo "2086"]
[EventDate "2003.12.27"]
[PlyCount "108"]

1.e4 c5 2.Nf3 d6 3.d4 cxd4 4.Nxd4 Nf6 5.Nc3 a6 6.Be2 e5 7.Nb3 Be7 8.O-O 
O-O 9.a4 Nc6 10.f4 Nb4 11.Bf3 b6 12.Ne2 Qc7 13.c3 Nc6 14.f5 Rd8 15.Bg5 d5 
16.Qc2 dxe4 17.Bxe4 Nxe4 18.Bxe7 Nxe7 19.Qxe4 Bb7 20.Qg4 f6 21.Ng3 Nd5 22.
Rae1 Kh8 23.Ne4 Qf7 24.Nbd2 Nf4 25.Re3 Rd7 26.Nf3 Rad8 27.g3 Qh5 28.Qxh5 
Nxh5 29.Kg2 Rd3 30.Re2 g6 31.fxg6 hxg6 32.Kh3 Kg7 33.Ned2 a5 34.Rff2 Bc6 
35.Ne1 R3d7 36.Nc4 Rh8 37.Kg4 Rb7 38.Rd2 Bxa4 39.Rd6 Bb5 40.Nxb6 e4 41.
Rfd2 f5+ 42.Kg5 Nf6 43.c4 e3 44.R2d4 Be8 45.Kf4 Rxh2 46.Kxe3 Re7+ 47.Kd3 
Rxe1 48.Nd5 Rd1+ 49.Kc3 Ne4+ 50.Rxe4 fxe4 51.c5 Rd3+ 52.Kc4 Rc2+ 53.Nc3 
Bf7+ 54.Kb5 Rxb2+ 0-1

[Event "33rd Rilton Cup"]
[Site "Stockholm SWE"]
[Date "2004.01.02"]
[Round "6.59"]
[White "Johansson, Kent"]
[Black "Jiretorn, Eva"]
[Result "1/2-1/2"]
[WhiteElo "2027"]
[BlackElo "2146"]
[EventDate "2003.12.27"]
[PlyCount "62"]

1.e4 c5 2.Nf3 d6 3.Bb5+ Bd7 4.Bxd7+ Qxd7 5.d4 cxd4 6.Nxd4 Nf6 7.Nc3 g6 8.
O-O Bg7 9.Be3 O-O 10.Qd2 Ng4 11.Bg5 h6 12.Bh4 Nc6 13.Nce2 Rac8 14.f3 Nge5 
15.Bf2 d5 16.Nxc6 bxc6 17.c3 f5 18.exd5 cxd5 19.Rad1 e6 20.b3 Rf7 21.Bd4 
g5 22.Rfe1 Ng6 23.Bxg7 Rxg7 24.c4 Ne7 25.Nd4 dxc4 26.Nxf5 Qxd2 27.Nxe7+ 
Rxe7 28.Rxd2 cxb3 29.axb3 Kf7 30.Kf2 Rb8 31.Rd3 Rb4 1/2-1/2

[Event "33rd Rilton Cup"]
[Site "Stockholm SWE"]
[Date "2004.01.02"]
[Round "6.60"]
[White "Egeland, Marte"]
[Black "Johansson, Thomas"]
[Result "1-0"]
[WhiteElo "1990"]
[BlackElo "2231"]
[EventDate "2003.12.27"]
[PlyCount "59"]

1.e4 c5 2.Nf3 Nc6 3.d4 cxd4 4.Nxd4 e5 5.Nb5 d6 6.N1c3 a6 7.Na3 Nf6 8.Bg5 
Be7 9.Bxf6 Bxf6 10.Nc4 Nd4 11.Nd5 Be6 12.Nxf6+ Qxf6 13.Nxd6+ Ke7 14.Nc4 
Rhd8 15.c3 b5 16.Nd2 Qh6 17.cxd4 Rxd4 18.Qe2 Rad8 19.Nf3 Bg4 20.Nxd4 Rxd4 
21.f3 Be6 22.b3 f5 23.exf5 e4 24.fxe6 exf3 25.gxf3 Rd6 26.Qf2 Qf6 27.Rc1 
Qf4 28.Qa7+ Kxe6 29.Bh3+ Kf6 30.O-O 1-0

[Event "33rd Rilton Cup"]
[Site "Stockholm SWE"]
[Date "2004.01.02"]
[Round "6.65"]
[White "Adler, Bo"]
[Black "Johnsen, Sylvia"]
[Result "1-0"]
[WhiteElo "2245"]
[BlackElo "2102"]
[EventDate "2003.12.27"]
[PlyCount "71"]

1.d4 d5 2.c4 e6 3.Nc3 Nf6 4.Bg5 Be7 5.e3 Nbd7 6.Rc1 h6 7.Bxf6 Nxf6 8.Nf3 
O-O 9.Bd3 dxc4 10.Bxc4 b6 11.O-O Bb7 12.Qe2 c5 13.Rfd1 cxd4 14.Nxd4 Qb8 
15.e4 Bd6 16.g3 Rd8 17.Ndb5 Be5 18.f4 Bxc3 19.Nxc3 e5 20.f5 Qc7 21.Nd5 
Qc5+ 22.Kg2 Nxd5 23.Bxd5 Qe7 24.f6 gxf6 25.Qg4+ Kh8 26.Qh4 Kg7 27.Qg4+ Kh8
28.Qh5 Kg7 29.Rc4 b5 30.Rc5 Bxd5 31.Qg4+ Kf8 32.Rcxd5 Rxd5 33.exd5 Rd8 34.
b4 Qb7 35.Qe4 Ke7 36.d6+ 1-0

[Event "33rd Rilton Cup"]
[Site "Stockholm SWE"]
[Date "2004.01.02"]
[Round "6.67"]
[White "Hansen, Victor"]
[Black "Bodin, Stefan"]
[Result "0-1"]
[WhiteElo "2114"]
[BlackElo "2004"]
[EventDate "2003.12.27"]
[PlyCount "52"]

1.e4 Nc6 2.d4 d5 3.e5 Bf5 4.Nc3 Nb4 5.Bb5+ c6 6.Ba4 e6 7.Nf3 Nh6 8.Qe2 Qb6
9.O-O Bg4 10.a3 Na6 11.b4 Nb8 12.h3 Bxf3 13.Qxf3 Nf5 14.Be3 Nd7 15.b5 Qc7 
16.Rab1 Be7 17.Bb3 O-O 18.a4 f6 19.g4 Nh4 20.Qg3 fxe5 21.f4 exd4 22.Bxd4 
c5 23.Be5 Nxe5 24.fxe5 c4 25.Ba2 Ng6 26.Rfe1 Bh4 0-1

[Event "33rd Rilton Cup"]
[Site "Stockholm SWE"]
[Date "2004.01.02"]
[Round "6.71"]
[White "Johansson, Viktoria"]
[Black "Kulagin, Maxim"]
[Result "1-0"]
[WhiteElo "2167"]
[BlackElo "2056"]
[EventDate "2003.12.27"]
[PlyCount "85"]

1.d4 Nf6 2.c4 c5 3.d5 b5 4.cxb5 a6 5.b6 e6 6.Nc3 Nxd5 7.Nxd5 exd5 8.Qxd5 
Nc6 9.Nf3 Rb8 10.g3 Be7 11.Bg2 O-O 12.O-O Rxb6 13.Rd1 d6 14.Bf4 Be6 15.Qh5
d5 16.Ng5 Bxg5 17.Bxg5 f6 18.Be3 g6 19.Qh6 d4 20.b3 Qe7 21.Bd2 Ne5 22.Qf4 
Bf7 23.h4 Rd6 24.Qe4 Bd5 25.Qc2 Bxg2 26.Kxg2 Rc8 27.Bf4 Rdc6 28.h5 g5 29.
Bxe5 fxe5 30.Qe4 Qf6 31.Rd3 Qe7 32.Rc1 Kg7 33.Rxd4 cxd4 34.Rxc6 Rxc6 35.
Qxc6 Qa3 36.Qd7+ Kf8 37.Qf5+ Kg8 38.Qxg5+ Kf8 39.Qf6+ Kg8 40.Qe6+ Kf8 41.
Qf6+ Kg8 42.Qxe5 Qxa2 43.h6 1-0

[Event "33rd Rilton Cup"]
[Site "Stockholm SWE"]
[Date "2004.01.03"]
[Round "7.1"]
[White "Hansen, Torbjoern Ringdal"]
[Black "Gligoric, Svetozar"]
[Result "1/2-1/2"]
[WhiteElo "2335"]
[BlackElo "2454"]
[EventDate "2003.12.27"]
[PlyCount "119"]

1.c4 c5 2.Nf3 Nc6 3.g3 g6 4.Bg2 Bg7 5.Nc3 d6 6.O-O Nf6 7.d4 cxd4 8.Nxd4 
Bd7 9.b3 O-O 10.Bb2 Qa5 11.Qd2 Rfc8 12.Rfd1 Rab8 13.Rac1 Qh5 14.h4 a6 15.
Na4 Nxd4 16.Bxd4 Bxa4 17.bxa4 b6 18.Qe3 e5 19.Ba1 Bh6 20.f4 exf4 21.Qe7 
Ne8 22.Bd5 g5 23.hxg5 Bf8 24.Qe4 fxg3 25.Qf3 Qh2+ 26.Kf1 Rc7 27.Rc3 Qh3+ 
28.Qg2 Qf5+ 29.Rf3 Qc2 30.Re1 Bg7 31.Bf6 Qg6 32.Qxg3 h6 33.gxh6 Qxh6 34.
Bxg7 Qxg7 35.Qh4 Qh7 36.Rg3+ Ng7 37.Qxh7+ Kxh7 38.Kf2 Rh8 39.Rh1+ Kg8 40.
Rhg1 Rh7 41.Rb1 Kf8 42.Rxb6 a5 43.Ra6 Nf5 44.Rg5 Ne7 45.Ra8+ Rc8 46.Rxc8+ 
Nxc8 47.Bb7 Nb6 48.Rxa5 Rh4 49.c5 dxc5 50.Rxc5 Rxa4 51.Rc2 Ra3 52.Be4 Kg7 
53.Bd3 Nd5 54.Rd2 Nc3 55.Rc2 Nxa2 56.Rc7 Nc3 57.Rd7 Nd1+ 58.Kf3 Nb2 59.Kf4
Nxd3+ 60.Rxd3 1/2-1/2

[Event "33rd Rilton Cup"]
[Site "Stockholm SWE"]
[Date "2004.01.03"]
[Round "7.3"]
[White "Schlosser, Philipp"]
[Black "Akesson, Ralf"]
[Result "1-0"]
[WhiteElo "2560"]
[BlackElo "2431"]
[EventDate "2003.12.27"]
[PlyCount "95"]

1.Nf3 Nf6 2.c4 e6 3.g3 b6 4.Bg2 Bb7 5.d4 Be7 6.O-O O-O 7.Re1 d5 8.cxd5 
exd5 9.Nc3 c5 10.Bf4 Na6 11.dxc5 Nxc5 12.Rc1 Rc8 13.Nb5 Qd7 14.Nbd4 Nfe4 
15.Ne5 Qe8 16.Bh3 Rd8 17.b4 Bf6 18.bxc5 Bxe5 19.Bxe5 Qxe5 20.cxb6 axb6 21.
e3 Ra8 22.Re2 Ba6 23.Rb2 Bc4 24.Rcc2 Ra3 25.Bf1 Nc3 26.Qd2 Bxf1 27.Kxf1 
Na4 28.Rb5 Qe4 29.Kg1 Rd3 30.Qc1 g6 31.Rb4 Ra8 32.Rc7 Qg4 33.Kg2 Qe4+ 34.
Kh3 Nc5 35.Rxb6 Ne6 36.Rc8+ Rxc8 37.Qxc8+ Nf8 38.Rb8 Qe7 39.Nc6 Qd6 40.Ne5
Rd2 41.Nd7 Rxf2 42.Nxf8 Kg7 43.Nxh7 Kh6 44.Qf8+ Qxf8 45.Nxf8 Rxa2 46.Rb7 
Rf2 47.Rd7 g5 48.g4 1-0

[Event "33rd Rilton Cup"]
[Site "Stockholm SWE"]
[Date "2004.01.03"]
[Round "7.4"]
[White "Fontaine, Robert"]
[Black "Kulaots, Kaido"]
[Result "1/2-1/2"]
[WhiteElo "2526"]
[BlackElo "2530"]
[EventDate "2003.12.27"]
[PlyCount "42"]

1.e4 c5 2.Nf3 d6 3.d4 Nf6 4.Nc3 cxd4 5.Nxd4 a6 6.Bg5 e6 7.f4 Qb6 8.Nb3 
Nbd7 9.Qf3 Be7 10.Bd3 Qc7 11.O-O-O h6 12.Qh3 Rg8 13.Bxf6 Bxf6 14.e5 dxe5 
15.f5 Bg5+ 16.Kb1 Nf6 17.Rhf1 Bd7 18.fxe6 Bxe6 19.Bf5 Bc4 20.Bd3 Be6 21.
Bf5 Bc4 1/2-1/2